ბათუმის შოთა რუსთაველის სახელმწიფო უნივერსიტეტის ბიბლიოთეკა

System der positiven Politik. Dritter Band von vier Bänden III / (ბიბ.ჩანაწერი № 37722)

000 -LEADER
fixed length control field 00825nam a2200217Ia 4500
001 - CONTROL NUMBER
control field 3697
003 - CONTROL NUMBER IDENTIFIER
control field GE_BSU
005 - DATE AND TIME OF LATEST TRANSACTION
control field 20190805155050.0
008 - FIXED-LENGTH DATA ELEMENTS--GENERAL INFORMATION
fixed length control field 181216s2012||||dk |||||||||||||| ||ger||
020 ## - INTERNATIONAL STANDARD BOOK NUMBER
International Standard Book Number 9783851325539
040 ## - CATALOGING SOURCE
Transcribing agency GE_BSU
080 ## - UNIVERSAL DECIMAL CLASSIFICATION NUMBER
Universal Decimal Classification number 32(430) C-80
100 ## - MAIN ENTRY--PERSONAL NAME
Personal name Comte, Auguste
9 (RLIN) 3109
245 ## - TITLE STATEMENT
Title System der positiven Politik. Dritter Band von vier Bänden III /
Statement of responsibility, etc. Enthaltend die soziale Dynamik oder die allgemeine Abhandlung über den menschlichen Fortschritt. Aus dem Französischen übersetzt von Jürgen Brankel.
264 ## - PRODUCTION, PUBLICATION, DISTRIBUTION, MANUFACTURE, AND COPYRIGHT NOTICE
Place of production, publication, distribution, manufacture Berlin :
Name of producer, publisher, distributor, manufacturer Verlag Turia + Kant,
Date of production, publication, distribution, manufacture, or copyright notice 2012.
300 ## - PHYSICAL DESCRIPTION
Extent 524 с. ;
Other physical details 24 см.
653 ## - INDEX TERM--UNCONTROLLED
keyword სოციალური დინამიკა
653 ## - INDEX TERM--UNCONTROLLED
keyword პოლიტიკა
700 ## - ADDED ENTRY--PERSONAL NAME
Personal name Brankel, Jürgen
Relator term მთარგმნელი
9 (RLIN) 2400
942 ## - ADDED ENTRY ELEMENTS (KOHA)
Koha item type წიგნი
Source of classification or shelving scheme
ეგზემპლარები
Withdrawn status Lost status Source of classification or shelving scheme Damaged status Not for loan Permanent Location Current Location Shelving location Date acquired Full call number Barcode Date last seen Copy number Price effective from Koha item type Public note
          ბათუმის შოთა რუსთაველის სახელმწიფო უნივერსიტეტის მთავარი ბიბლიოთეკა ბათუმის შოთა რუსთაველის სახელმწიფო უნივერსიტეტის მთავარი ბიბლიოთეკა წიგნსაცავი 2018-12-17 32(430) C-80 5299 2018-12-17 5299 2018-12-17 წიგნი